| 000 | 00686nam a2200241Ia 4500 | ||
|---|---|---|---|
| 003 | OSt | ||
| 005 | 20220925225147.0 | ||
| 006 | a|||||r|||| 00| 0 | ||
| 007 | ta | ||
| 008 | 220923b |||||||| |||| 00| 0 eng d | ||
| 020 | _a0415261767 | ||
| 037 | _cGeneral Book | ||
| 040 |
_aRTL _cRTL _beng |
||
| 041 |
_2eng _aeng |
||
| 082 | _aX:8, P2 | ||
| 100 |
_aKamoche Ken N and others Ed. _9292017 |
||
| 245 | 0 | _aOrganizational improvisation | |
| 260 |
_aLondon _bRoutledge Unioted Kingdom _c2002 |
||
| 300 |
_ax, 317p. Bib chapterwise _ccm. |
||
| 650 |
_aManagement _930681 |
||
| 942 |
_hX:8, P2 _cGB _2CC |
||
| 999 |
_c583001 _d583001 |
||